LIBRARY ONLINE CATALOGUE

Osborn's concise law dictionary / (Record no. 15032)

MARC details
000 -LEADER
fixed length control field 00743cam a22002292 4500
001 - CONTROL NUMBER
control field 0000007474
005 - DATE AND TIME OF LATEST TRANSACTION
control field 20151217161138.0
008 - FIXED-LENGTH DATA ELEMENTS--GENERAL INFORMATION
fixed length control field 080207s xx 000 0 eng d
020 ## - INTERNATIONAL STANDARD BOOK NUMBER
International Standard Book Number 0421900504 :
Terms of availability KES
040 ## - CATALOGING SOURCE
Original cataloging agency KABU
Transcribing agency KABU
245 10 - TITLE STATEMENT
Title Osborn's concise law dictionary /
Statement of responsibility, etc. edited by Mick Woodley.
250 ## - EDITION STATEMENT
Edition statement 10th ed.
260 ## - PUBLICATION, DISTRIBUTION, ETC. (IMPRINT)
Place of publication, distribution, etc. London :
Name of publisher, distributor, etc. Sweet & Maxwell,
Date of publication, distribution, etc. 2005.
300 ## - PHYSICAL DESCRIPTION
Extent vii, 491 p.
650 #0 - SUBJECT ADDED ENTRY--TOPICAL TERM
Topical term or geographic name as entry element Law
Form subdivision Dictionaries
Geographic subdivision Great Britain.
-- 0000158665
650 #0 - SUBJECT ADDED ENTRY--TOPICAL TERM
Topical term or geographic name as entry element Law
Form subdivision Dictionaries.
-- 0000158666
700 1# - ADDED ENTRY--PERSONAL NAME
Personal name Woodley, Mick.
-- 0000158667
908 ## - PUT COMMAND PARAMETER (RLIN)
Put command parameter 080207
950 ## - LOCAL HOLDINGS (RLIN)
-- 1
Holdings
Withdrawn status Lost status Source of classification or shelving scheme Not for loan Home library Current library Date acquired Total Checkouts Full call number Barcode Date last seen Price effective from Koha item type
    Library of Congress Classification Not For Loan Kabarak, Main Campus Kabarak, Main Campus 17/12/2015   KD313 .O83 2005 012064 17/12/2015 17/12/2015 Reference
    Library of Congress Classification Not For Loan Kabarak, Main Campus Kabarak, Main Campus 17/12/2015   KD313 .O83 2005 008763 17/12/2015 17/12/2015 Reference